| 000 | 01525nam a2200445 i 4500 | ||
|---|---|---|---|
| 001 | 15364 | ||
| 003 | KOSZ 005 | ||
| 005 | 20200629091828.0 | ||
| 008 | 200410s1972 pl ab g 001 0 pol | ||
| 015 | _aUWD 1973/600 | ||
| 035 | _a991032355339705066 | ||
| 035 | _a(PL-WaBN)b18683733-48omnis_nlop | ||
| 035 | _ab18683733 | ||
| 035 | _a(OCoLC)838933129 | ||
| 035 | _a(PL)b0000001868373 | ||
| 035 | _a(EXLNZ-48OMNIS_NETWORK)9910305945505606 | ||
| 040 |
_aWA N _cWA N _dKOSZ 005/RW |
||
| 046 | _k1972 | ||
| 080 | _a797.14 | ||
| 100 | 1 |
_aGłowacki, Włodzimierz K. _d(1910-1995) _eAutor |
|
| 245 | 1 | 0 |
_aWspaniały świat żeglarstwa : _bz dziejów żeglarstwa w Polsce i na świecie / _cWłodzimierz Głowacki. |
| 250 | _aWydanie 2 poszerzone i uzupełnione. | ||
| 260 |
_aGdańsk : _bWydawnictwo Morskie, _c1972. |
||
| 300 |
_a511, [4] stron : _bilustracje, mapy ; _c25 cm. |
||
| 336 |
_aTekst _btxt _2rdacontent |
||
| 337 |
_aBez urządzenia posredniczącego _bn _2rdamedia |
||
| 338 |
_aWolumin _bnc _2rdacarrier |
||
| 380 | _aKsiążki | ||
| 380 | _aPublikacje popularnonaukowe | ||
| 388 | _a1901-2000 | ||
| 388 | _a1945-1989 | ||
| 504 | _aBibliografia na stronach 485-[490]. Indeks. | ||
| 650 | 7 |
_aŻeglarstwo morskie _2DBN |
|
| 651 | 7 | _aPolska | |
| 658 | _aHistoria | ||
| 710 | 2 |
_aWydawnictwo Morskie _4pbl |
|
| 856 |
_uhttp://koha.tu.koszalin.pl/cgi-bin/koha/opac-detail.pl?biblionumber=15364 _yKatalog online BPK |
||
| 942 |
_2UKD _cKS |
||
| 999 |
_c15364 _d15364 |
||